| 000 | 02011nam2a22003251 4500 | ||
|---|---|---|---|
| 001 | v19\rc\1355672 | ||
| 005 | 20260406090419.0 | ||
| 035 | _a(NLR Aleph) 005203402 | ||
| 090 |
_a5333331 _c5333331 |
||
| 100 | _a20060512d1866 |||y0rusy50 ca | ||
| 101 | 1 |
_arus _cfre |
|
| 102 | _aRU | ||
| 105 | _ay z ||||| | ||
| 200 | 1 |
_aВойна с Галлиею _h[кн. 3 _iВойна с Галлиею по комментариям _hкн. 4 _iОбзор войны с Галлиею. Рассказ о событиях в Риме от 696 до 705] |
|
| 210 |
_d1866 _aБ. м. |
||
| 215 | _a[4], 643 с. | ||
| 316 |
_aЭкз. РНБ на шифре 132/2251(2) с экслибрисом Библиотеки Великого князя Михаила Николаевича: императорская корона в 12-ти угольном многограннике и монограмма "М.Н." _aНа 2-й с. обл. ярлык: Библиотека Ново-Михайловского дворца _5NLR:132/2251(2) |
||
| 320 | _aБиблиогр. в подстроч. примеч. | ||
| 461 | 0 |
_1001v19\rc\1355670 _12001#$aИстория Юлия Цезаря$f[Наполеон$gпер. М.М. Стасюлевича]$vТ. 2 _95333313 _aНаполеон III (император французский ; 1808-1873) _cСанкт-Петербург _d1865-1866 _f[Наполеон _nиздание книгопродавца-топографа М.О. Вольфа _tИстория Юлия Цезаря _vТ. 2 |
|
| 517 | 0 | _aРассказ о событиях в Риме от 696 до 705 | |
| 702 | 0 |
_4390 _7ca _8rus _aМихаил Николаевич _cвеликий князь _f1832-1909 _941034 _3RU\NLR\AUTH\7758102 |
|
| 801 | 0 |
_aRU _bNLR _c20060512 _gpsbo |
|
| 801 | 0 |
_aRU _bRuMoRGB _c20060512 _2psbo |
|
| 801 | 1 |
_aRU _bProSoft-M _c20060512 _2rusmarc |
|
| 801 | 2 |
_aRU _bNLR _c20061009 _2rusmarc |
|
| 852 |
_aNLR _j132/2251 |
||
| 852 |
_aNLR _bМф _jК1/7723 |
||
| 852 |
_aNLR _j18.40.3.38 |
||
| 942 | _cBOOK | ||
| 980 | _aNB | ||